| 000 | 00376nam a22001457a 4500 | ||
|---|---|---|---|
| 020 | _a9780072845303 | ||
| 040 | _cNust | ||
| 082 |
_a658 _bFRY |
||
| 100 |
_aFred L. Fry _9125918 |
||
| 245 | _aBusiness An integrative approach | ||
| 250 | _a3rd Edition | ||
| 260 |
_aBoston: _bMcGraw -Hill, _c2004. |
||
| 650 |
_aBusiness An integrative approach _9125919 |
||
| 942 |
_2ddc _cBK |
||
| 999 |
_c611582 _d611582 |
||